| 000 -LEADER |
| fixed length control field |
00500nam a22001457a 4500 |
| 020 ## - INTERNATIONAL STANDARD BOOK NUMBER |
| ISBN |
9786233622608 |
| 082 ## - DEWEY DECIMAL CLASSIFICATION NUMBER |
| Classification number |
302.3 |
| Item number |
H8804 |
| 245 ## - TITLE STATEMENT |
| Title |
Human Relations / Daeng Sani Ferdiansyah, M. Sos. [and thirteen others]. |
| 260 ## - PUBLICATION, DISTRIBUTION, ETC. (IMPRINT) |
| Place of publication |
Indonesia : |
| Name of publisher |
Media Sains Indonesia, |
| Year of publication |
©2021. |
| 300 ## - PHYSICAL DESCRIPTION |
| Number of Pages |
1 online resourrce, vi, 225 pages : |
| Other physical details |
color illustrations. |
| 500 ## - GENERAL NOTE |
| General note |
Includes bibliographical references. |
| 650 ## - SUBJECT ADDED ENTRY--TOPICAL TERM |
| Topical Term |
Human relations. |
| 700 ## - ADDED ENTRY--PERSONAL NAME |
| Personal name |
Sri Ayu Rayhaniah, M.Sos, editor. |
| 942 ## - ADDED ENTRY ELEMENTS (KOHA) |
| Koha item type |
Electronic Books |